01153nam a2200217 a 4500008004100000020001800041050001500059100002000074245010100094260003700195300001500232350001000247650005000257650001300307650003100320995015300351995015400504999001700658952012600675952013400801160426s2007 ||||||||||||||||| || u a9781861344519 aJV 733 Sal aSales, Rosemary10aUnderstanding immigration and refugee policy: contradictions and continuitiescBy Rosemary Sales aBristol:bThe Policy Pressc2007 axiv, 282p. a35.95 aEMIGRATION AND IMMIGRATION--GOVERNMENT POLICY aREFUGEES aEMIGRATION AND IMMIGRATION aANNEX COLLECTION (Main Library)e746259FCBU-MAIN LIBRARY (Kitwe)I35.95jJV 733 SalM1UAVAILABLEWJun 8, 2016y746259ZAnnex Low-Usage Collection  aMAIN LIBRARY OPEN ACCESSe746415FCBU-MAIN LIBRARY (Kitwe)I35.95jJV 733 SalM2UAVAILABLEWJun 8, 2016y746415ZMain Library Open Access Collection c78466d78466 00102lcc4070a001b001cAnnex Low-Usage Collection d2023-05-17l0oJV 733 Salp746259r2023-05-17t1w2023-05-17y002 00102lcc4070a001b001cMain Library Open Access Collectiond2023-05-17l0oJV 733 Salp746415r2023-05-17t2w2023-05-17y002